[Event "15th EUR-ch (w)"]
[Site "Plovdiv BUL"]
[Date "2014.07.08"]
[Round "3.25"]
[White "Stiazhkina, Anna"]
[Black "Milliet, Sophie"]
[Result "0-1"]
[WhiteElo "2220"]
[BlackElo "2406"]
[EventDate "2014.07.06"]
[PlyCount "76"]

1.e4 d6 2.d4 Nf6 3.Nc3 e5 4.Nf3 Nbd7 5.Bc4 Be7 6.O-O O-O 7.a4 a6 8.Re1 b6 
9.b3 Bb7 10.Ba3 h6 11.Qd2 Re8 12.Rad1 b5 13.dxe5 bxc4 14.exf6 Bxf6 15.bxc4
Bxc3 16.Qxc3 Bxe4 17.Bb2 f6 18.Nd4 c5 19.Ne2 Nb6 20.Bc1 Nxa4 21.Qg3 Bxc2 
22.Rxd6 Qc7 23.Bf4 Qf7 24.Bxh6 Nb2 25.Rd2 Nd3 26.Ra1 Nb4 27.Be3 Rac8 28.
Nf4 Bb3 29.Rc1 Bxc4 30.h3 Re4 31.Rcd1 Bb5 32.Rd8+ Re8 33.R8d6 Nc2 34.Nd5 
Re6 35.Bf4 Nd4 36.Qg4 Be2 37.f3 Bxd1 38.Rd7 f5 0-1

[Event "15th EUR-ch (w)"]
[Site "Plovdiv BUL"]
[Date "2014.07.08"]
[Round "3.26"]
[White "Savina, Anastasia"]
[Black "Abdulla, Khayala"]
[Result "0-1"]
[WhiteElo "2383"]
[BlackElo "2233"]
[EventDate "2014.07.06"]
[PlyCount "86"]

1.d4 Nf6 2.c4 e6 3.Nc3 Bb4 4.f3 d5 5.a3 Bxc3+ 6.bxc3 c5 7.cxd5 Nxd5 8.dxc5
Qa5 9.e4 Ne7 10.Be3 O-O 11.Qb3 Qc7 12.Bb5 Nd7 13.Bxd7 Bxd7 14.Ne2 e5 15.
O-O Be6 16.Qb5 Nc6 17.Nd4 exd4 18.cxd4 Bd7 19.Qb2 Na5 20.Rac1 a6 21.Bf2 f5
22.Qa2+ Kh8 23.e5 Ba4 24.Rb1 Rad8 25.Rfe1 Bc6 26.Qd2 Bd5 27.e6 Nc6 28.Qg5 
Rf6 29.Bh4 Re8 30.Bg3 Qc8 31.e7 Rxe7 32.Rxe7 Nxe7 33.Be5 Rf7 34.Re1 Nc6 
35.Bd6 Qd7 36.Qe3 h6 37.Qf4 Kh7 38.h4 Qd8 39.Qg3 Qf6 40.Be5 Nxe5 41.dxe5 
Qc6 42.h5 Qxc5+ 43.Kh1 Qe7 0-1

[Event "15th EUR-ch (w)"]
[Site "Plovdiv BUL"]
[Date "2014.07.08"]
[Round "3.27"]
[White "Khalafova, Narmin"]
[Black "Gvetadze, Sopio"]
[Result "0-1"]
[WhiteElo "2191"]
[BlackElo "2356"]
[EventDate "2014.07.06"]
[PlyCount "84"]

1.e4 c6 2.Nc3 g6 3.d4 Bg7 4.Nf3 d6 5.a4 Nf6 6.Be2 O-O 7.O-O Qc7 8.h3 e5 9.
dxe5 dxe5 10.Be3 Nbd7 11.Qc1 Re8 12.Rd1 Nh5 13.Ng5 Nf8 14.Bc5 Nf4 15.Bd6 
Nxe2+ 16.Nxe2 Qb6 17.a5 Qa6 18.Nc3 Bh6 19.f4 f6 20.Nf3 Bxf4 21.Qb1 Qc4 22.
Ra4 Qf7 23.Rb4 b5 24.axb6 axb6 25.Kh1 b5 26.Ne2 Bh6 27.c4 bxc4 28.Rb6 Bb7 
29.Rf1 Qd7 30.Qc2 Qxd6 31.Qxc4+ Qe6 32.Qxe6+ Nxe6 33.Rxb7 Rab8 34.Rxb8 
Rxb8 35.Rb1 Nc5 36.Nc3 Rb4 37.Rd1 Rxb2 38.Ne1 Rb3 39.Ne2 Nxe4 40.Rd8+ Bf8 
41.Nf3 Rb2 42.Neg1 Kf7 0-1

[Event "15th EUR-ch (w)"]
[Site "Plovdiv BUL"]
[Date "2014.07.08"]
[Round "3.28"]
[White "Ohme, Melanie"]
[Black "Belenkaya, Dina"]
[Result "1/2-1/2"]
[WhiteElo "2352"]
[BlackElo "2223"]
[EventDate "2014.07.06"]
[PlyCount "200"]

1.e4 c6 2.d4 d5 3.Nc3 dxe4 4.Nxe4 Bf5 5.Ng3 Bg6 6.h4 h6 7.Nf3 Nd7 8.h5 Bh7
9.Bd3 Bxd3 10.Qxd3 e6 11.Bd2 Ngf6 12.O-O-O Be7 13.Kb1 Rc8 14.Ne4 c5 15.g4 
Nxg4 16.Qe2 Ngf6 17.Nxc5 Nxc5 18.dxc5 Qc7 19.Ne5 Qxc5 20.Bc1 Nd5 21.c4 Nb6
22.b3 Bf6 23.Bb2 O-O 24.Rdg1 Kh8 25.Rg2 Bxe5 26.Bxe5 f6 27.Bb2 Qf5+ 28.Ka1
Rcd8 29.Rhg1 Rd7 30.Rg6 Rfd8 31.Bc1 a5 32.Qe3 Nc8 33.Qg3 Qe5+ 34.Qxe5 fxe5
35.Rxe6 Re7 36.Rxe7 Nxe7 37.Bb2 Nf5 38.Bc3 a4 39.Kb2 axb3 40.axb3 e4 41.
Rg4 Kg8 42.Rxe4 Kf7 43.Rf4 Ke6 44.Rg4 Kf7 45.Rg6 Rd6 46.Rxd6 Nxd6 47.c5 
Ne4 48.Bd4 g6 49.hxg6+ Kxg6 50.b4 h5 51.f3 Ng5 52.b5 Ne6 53.Bf2 Kf5 54.b6 
Nd8 55.Bg3 Ke6 56.Kc3 Kd5 57.Bf2 Ne6 58.Kb4 h4 59.Bxh4 Nxc5 60.Kb5 Ne6 61.
Bf2 Ng7 62.Kb4 Ne6 63.Be3 Ng7 64.Kc3 Nf5 65.Bf2 Ne7 66.Kd3 Nf5 67.Bg1 Ke5 
68.Bh2+ Kd5 69.Bg1 Ke5 70.Ke2 Ke6 71.f4 Kd5 72.Kf3 Nh6 73.Bf2 Nf5 74.Kg4 
Ke6 75.Kg5 Nd6 76.Kg6 Nf5 77.Bc5 Nh4+ 78.Kg5 Nf5 79.Kh5 Kf6 80.Kg4 Nh6+ 
81.Kf3 Nf5 82.Bf8 Ke6 83.Bb4 Kf6 84.Bc3+ Ke6 85.Kg4 Nh6+ 86.Kg5 Nf5 87.Bb2
Ne7 88.Ba3 Nf5 89.Bc5 Ng3 90.Kg6 Nf5 91.Bb4 Ne3 92.Ba3 Nf5 93.Bc5 Nh4+ 94.
Kg7 Ng2 95.f5+ Kxf5 96.Kf7 Ke5 97.Ke7 Kd5 98.Kd7 Kxc5 99.Kc7 Nf4 100.Kxb7 
Nd5 1/2-1/2

[Event "15th EUR-ch (w)"]
[Site "Plovdiv BUL"]
[Date "2014.07.08"]
[Round "3.30"]
[White "Shadrina, Tatiana"]
[Black "Isgandarova, Khayala"]
[Result "0-1"]
[WhiteElo "2348"]
[BlackElo "2184"]
[EventDate "2014.07.06"]
[PlyCount "118"]

1.e4 e6 2.d4 d5 3.e5 c5 4.c3 Nc6 5.Nf3 Qb6 6.a3 a5 7.Bd3 Bd7 8.Bc2 Nh6 9.
O-O cxd4 10.cxd4 Nf5 11.Bxf5 exf5 12.Nc3 Be6 13.Ne2 h6 14.Qd3 Be7 15.Ng3 
g6 16.b3 Rc8 17.Rd1 Na7 18.Bd2 Kd7 19.h4 Qb5 20.Qxb5+ Nxb5 21.a4 Nc3 22.
Rdc1 Bb4 23.Kf1 Ne4 24.Bxb4 axb4 25.Ke1 g5 26.Ne2 f4 27.Nfg1 Rhg8 28.h5 f5
29.f3 Ng3 30.Rxc8 Rxc8 31.Rc1 Rg8 32.Nxg3 fxg3 33.Rc5 b6 34.Rb5 Kc6 35.Ne2
f4 36.Nc1 g4 37.Ke2 Bf5 38.Na2 Bd3+ 39.Kxd3 gxf3 40.Nxb4+ Kb7 41.a5 fxg2 
42.Rxb6+ Kc8 43.Rc6+ Kd8 44.Rd6+ Ke8 45.Nxd5 g1=Q 46.Re6+ Kd8 47.Rd6+ Kc8 
48.Ne7+ Kc7 49.Nxg8 g2 50.Nf6 Qf1+ 51.Ke4 g1=Q 52.Nd5+ Kb7 53.Rd7+ Ka6 54.
Nc7+ Kxa5 55.e6 Qe1+ 56.Kd5 Qg5+ 57.Kc6 Qe4+ 58.d5 Qb4 59.Rf7 Qd8 0-1

[Event "15th EUR-ch (w)"]
[Site "Plovdiv BUL"]
[Date "2014.07.08"]
[Round "3.31"]
[White "Kazimova, Narmin"]
[Black "Cosma, Elena-Luminita"]
[Result "1/2-1/2"]
[WhiteElo "2180"]
[BlackElo "2344"]
[EventDate "2014.07.06"]
[PlyCount "83"]

1.d4 d5 2.c4 e6 3.Nc3 Nf6 4.Nf3 Be7 5.Bf4 O-O 6.e3 b6 7.cxd5 Nxd5 8.Nxd5 
Qxd5 9.Bd3 Qa5+ 10.Ke2 c5 11.a3 Bb7 12.Qc2 Rc8 13.Rhc1 Nd7 14.Qc3 Qxc3 15.
Rxc3 cxd4 16.exd4 Nf6 17.Rxc8+ Rxc8 18.Rc1 Rxc1 19.Bxc1 Nd5 20.Ne5 f6 21.
Nc4 Kf7 22.g3 h5 23.f4 g6 24.Bd2 Bc6 25.Kf2 Nc7 26.Be3 Bd5 27.h3 Ne8 28.
Bd2 Bb7 29.Bc3 Bd8 30.Bb4 Bc7 31.Bd2 Bc6 32.g4 hxg4 33.hxg4 Bd5 34.a4 a5 
35.Ke3 Nd6 36.Nxd6+ Bxd6 37.Bc2 f5 38.g5 Ke7 39.Bd1 Bc6 40.Bc2 Kd7 41.Bd1 
Ke7 42.Bc2 1/2-1/2

[Event "15th EUR-ch (w)"]
[Site "Plovdiv BUL"]
[Date "2014.07.08"]
[Round "3.32"]
[White "Kulon, Klaudia"]
[Black "Stiazhkina, Olga"]
[Result "0-1"]
[WhiteElo "2341"]
[BlackElo "2177"]
[EventDate "2014.07.06"]
[PlyCount "82"]

1.c4 e5 2.g3 Nc6 3.Bg2 g6 4.Nc3 Bg7 5.Rb1 a5 6.a3 d6 7.b4 axb4 8.axb4 f5 
9.b5 Nd4 10.d3 Nf6 11.e3 Ne6 12.Nge2 O-O 13.O-O Nc5 14.Qc2 Qe7 15.b6 c6 
16.d4 Nce4 17.d5 Bd7 18.Nxe4 Nxe4 19.f3 Nc5 20.Nc3 Ra6 21.Rd1 Qd8 22.dxc6 
Bxc6 23.Nb5 Qxb6 24.Nxd6 Qc7 25.Nb5 Qe7 26.Bd2 Rfa8 27.Bb4 e4 28.f4 Ra2 
29.Qc1 b6 30.Nc3 R2a6 31.Nd5 Qa7 32.Bf1 Ba4 33.Re1 Nd3 34.Bxd3 exd3 35.Ra1
Bc2 36.Rxa6 Qxa6 37.Bd2 Ra7 38.e4 Qxc4 39.Nxb6 Qc6 40.e5 Qxb6+ 41.Be3 Qa5 
0-1

[Event "15th EUR-ch (w)"]
[Site "Plovdiv BUL"]
[Date "2014.07.08"]
[Round "3.33"]
[White "Kursova, Maria"]
[Black "Tsolakidou, Stavroula"]
[Result "1/2-1/2"]
[WhiteElo "2331"]
[BlackElo "2157"]
[EventDate "2014.07.06"]
[PlyCount "79"]

1.d4 Nf6 2.Nf3 e6 3.c4 Bb4+ 4.Nbd2 O-O 5.a3 Be7 6.e4 d6 7.Qc2 Nbd7 8.e5 
dxe5 9.dxe5 Ng4 10.Qc3 f6 11.exf6 Bxf6 12.Qc2 Nc5 13.h3 Nxf2 14.Kxf2 Bd4+ 
15.Ke1 e5 16.Bd3 Nxd3+ 17.Qxd3 Bf5 18.Qe2 e4 19.Nxd4 Qxd4 20.Nb3 Qb6 21.
Qe3 Qg6 22.g4 Be6 23.Nd4 Rad8 24.Bd2 c5 25.Nxe6 Qxe6 26.Bc3 Rd3 27.Qxc5 
Qh6 28.Ke2 Rff3 29.g5 Rfe3+ 30.Qxe3 Qh5+ 31.Kf2 Qh4+ 32.Ke2 Qh5+ 33.Kf2 
Qh4+ 34.Ke2 Qh5+ 35.Kf2 Qh4+ 36.Ke2 Qh5+ 37.Kf2 Qh4+ 38.Ke2 Qh5+ 39.Kf2 
Qh4+ 40.Ke2 1/2-1/2

[Event "15th EUR-ch (w)"]
[Site "Plovdiv BUL"]
[Date "2014.07.08"]
[Round "3.34"]
[White "Ovod, Evgenia"]
[Black "Petrukhina, Irina"]
[Result "1-0"]
[WhiteElo "2330"]
[BlackElo "2156"]
[EventDate "2014.07.06"]
[PlyCount "103"]

1.d4 Nf6 2.Bg5 Ne4 3.Bf4 d5 4.e3 c5 5.Bd3 Nf6 6.dxc5 Nc6 7.Nf3 Bg4 8.Be2 
e6 9.h3 Bh5 10.g4 Bg6 11.Ne5 Bxc5 12.Nxg6 hxg6 13.Nd2 Be7 14.c3 Nd7 15.Nf3
g5 16.Bg3 Nc5 17.Kf1 Qb6 18.Qc2 Ne4 19.Kg2 Rc8 20.Bh2 Bf6 21.Qb3 O-O 22.
Qxb6 axb6 23.Rhd1 Rfd8 24.Nd4 e5 25.Nb5 Nc5 26.c4 d4 27.exd4 Nxd4 28.Nxd4 
exd4 29.Bf3 Rd7 30.b3 Ra8 31.Bd5 b5 32.h4 gxh4 33.g5 Bxg5 34.Be5 bxc4 35.
bxc4 d3 36.f4 Be7 37.Kf3 Rc8 38.Rg1 Kf8 39.Rxg7 Bd6 40.Bf6 Rdc7 41.Rh7 Ke8
42.Re1+ Ne6 43.Bxe6 fxe6 44.Rxe6+ Kf8 45.Rh8+ Kf7 46.Rxd6 Rc6 47.Rxc6 Rxc6
48.Bxh4 Rxc4 49.Rd8 Ra4 50.Rxd3 Rxa2 51.Rd7+ Kg6 52.Rxb7 1-0

[Event "15th EUR-ch (w)"]
[Site "Plovdiv BUL"]
[Date "2014.07.08"]
[Round "3.36"]
[White "Vovk, Oksana"]
[Black "Sandu, Mihaela"]
[Result "1/2-1/2"]
[WhiteElo "2083"]
[BlackElo "2308"]
[EventDate "2014.07.06"]
[PlyCount "77"]

1.d4 Nf6 2.c4 g6 3.g3 Bg7 4.Bg2 O-O 5.Nc3 d6 6.e4 c5 7.dxc5 dxc5 8.Qxd8 
Rxd8 9.e5 Ng4 10.f4 Nc6 11.Bxc6 bxc6 12.Nge2 f6 13.h3 Nh6 14.exf6 Bxf6 15.
g4 Nf7 16.Bd2 Nd6 17.b3 Ne4 18.Nxe4 Bxa1 19.Nxc5 e5 20.Ba5 Re8 21.Kd2 Bb2 
22.Nd3 exf4 23.Nxb2 f3 24.Ng3 h5 25.gxh5 gxh5 26.h4 Bg4 27.Nd3 Re7 28.Bc3 
Rae8 29.Rh2 Re3 30.Bd4 R3e6 31.Bc5 a6 32.Rf2 Kh7 33.Kc3 Kh6 34.Kd2 Rd8 35.
Kc3 Rde8 36.Kd2 Rd8 37.Kc3 Rde8 38.Kd2 Rd8 39.Kc3 1/2-1/2

[Event "15th EUR-ch (w)"]
[Site "Plovdiv BUL"]
[Date "2014.07.08"]
[Round "3.37"]
[White "Nikolova, Adriana"]
[Black "Shabanaj, Eglantina"]
[Result "1-0"]
[WhiteElo "2303"]
[BlackElo "2046"]
[EventDate "2014.07.06"]
[PlyCount "123"]

1.e4 e5 2.Nf3 Nc6 3.Nc3 Nf6 4.Bb5 a6 5.Bxc6 dxc6 6.Nxe5 Bb4 7.O-O O-O 8.d3
Re8 9.Nc4 b5 10.Ne3 Bc5 11.Qf3 b4 12.Ne2 Bxe3 13.Qxe3 Qd6 14.h3 c5 15.b3 
Bb7 16.Bb2 Nd7 17.Ng3 f6 18.Nf5 Qf8 19.Qg3 Rac8 20.Bc1 Kh8 21.Bf4 Ne5 22.
Be3 Nd7 23.Rae1 Qf7 24.Bc1 Qg6 25.Qh4 Re5 26.Ne3 Rh5 27.Qg4 Ne5 28.Qxg6 
hxg6 29.f4 Nc6 30.Nc4 Nd4 31.Rf2 Re8 32.Be3 Kh7 33.Rc1 Nb5 34.Kh2 Bc8 35.
Rg1 Nd4 36.g4 Rh6 37.f5 g5 38.Bxd4 cxd4 39.Nd2 c5 40.Nf3 g6 41.fxg6+ Kxg6 
42.Rg3 Reh8 43.Ng1 Kg7 44.Kg2 Re8 45.Rgf3 Bd7 46.Ne2 Reh8 47.Ng3 Re8 48.
Nh5+ Rxh5 49.gxh5 f5 50.Rxf5 Bxf5 51.Rxf5 Rc8 52.Rxg5+ Kh6 53.Rf5 a5 54.
Kf3 a4 55.bxa4 c4 56.Rd5 cxd3 57.cxd3 Rc3 58.Rxd4 Ra3 59.Ke3 Rxa4 60.a3 
Rxa3 61.Rxb4 Kxh5 62.e5 1-0

[Event "15th EUR-ch (w)"]
[Site "Plovdiv BUL"]
[Date "2014.07.08"]
[Round "3.38"]
[White "Ambartsumova, Karina"]
[Black "Soyunlu, Narmin"]
[Result "1-0"]
[WhiteElo "2301"]
[BlackElo "1936"]
[EventDate "2014.07.06"]
[PlyCount "61"]

1.c4 c6 2.e4 d5 3.exd5 cxd5 4.d4 Nf6 5.Nc3 g6 6.Qb3 Bg7 7.cxd5 O-O 8.Nge2 
Na6 9.g3 b6 10.Bg2 Bb7 11.O-O Qd7 12.Nf4 Nc7 13.h4 Qd6 14.a4 Rad8 15.Nb5 
Nxb5 16.axb5 Nxd5 17.Rxa7 Ba8 18.Rxa8 Rxa8 19.Bxd5 Rad8 20.Be3 e6 21.Bxe6 
Bxd4 22.Rd1 Qe5 23.Bxd4 Rxd4 24.Rxd4 Qxd4 25.Bd5 Qf6 26.Qc3 Qf5 27.Qd4 Rb8
28.Bc6 Qg4 29.Qe5 Rd8 30.Nd5 Qh3 31.Qf6 1-0

[Event "15th EUR-ch (w)"]
[Site "Plovdiv BUL"]
[Date "2014.07.08"]
[Round "3.39"]
[White "Radeva, Viktoria"]
[Black "Daulyte, Deimante"]
[Result "0-1"]
[WhiteElo "1937"]
[BlackElo "2405"]
[EventDate "2014.07.06"]
[PlyCount "80"]

1.e4 d5 2.exd5 Qxd5 3.Nc3 Qd6 4.d4 Nf6 5.Nf3 g6 6.Be3 Bg7 7.Bd3 a6 8.Qd2 
Nc6 9.h3 O-O 10.O-O b5 11.Rfe1 Bb7 12.Ne4 Nxe4 13.Bxe4 Rfd8 14.c3 Rab8 15.
Bf4 Qd7 16.Qe3 e6 17.Rad1 Ne7 18.Ne5 Qc8 19.Bxb7 Rxb7 20.Qf3 Nd5 21.Bg3 
Rf8 22.Re2 Rb6 23.Rde1 a5 24.b3 f6 25.Ng4 h5 26.Nh2 b4 27.c4 Nc3 28.Rc2 e5
29.dxe5 fxe5 30.Qe3 Qf5 31.Rd2 Rd6 32.a3 Rd4 33.Nf3 Re4 34.Qc5 Rxe1+ 35.
Nxe1 Ne4 36.Qd5+ Kh7 37.axb4 Nxg3 38.Nf3 c6 39.Qd6 Ne4 40.Qd3 Nxd2 0-1

[Event "15th EUR-ch (w)"]
[Site "Plovdiv BUL"]
[Date "2014.07.08"]
[Round "3.40"]
[White "Ptacnikova, Lenka"]
[Black "Yordanova, Svetla"]
[Result "1-0"]
[WhiteElo "2310"]
[BlackElo "2101"]
[EventDate "2014.07.06"]
[PlyCount "83"]

1.c4 Nf6 2.g3 c5 3.Bg2 d5 4.cxd5 Nxd5 5.Nc3 Nc7 6.Nf3 Nc6 7.O-O e5 8.b3 
Be7 9.Bb2 O-O 10.Ne1 Bd7 11.Nd3 f6 12.f4 exf4 13.Nxf4 Kh8 14.e3 Qe8 15.Rc1
Rd8 16.Ne4 b6 17.g4 Ne6 18.Nd5 Ne5 19.g5 Nd3 20.gxf6 Nxb2 21.Qc2 Bb5 22.
fxe7 Rxf1+ 23.Bxf1 Rxd5 24.Bxb5 Qxb5 25.Qxb2 Qe8 26.b4 Qxe7 27.bxc5 Ng5 
28.cxb6 Nh3+ 29.Kf1 Rf5+ 30.Ke2 axb6 31.Rc8+ Rf8 32.Qe5 Ng1+ 33.Kd1 Qf7 
34.Rxf8+ Qxf8 35.Nd6 Qf3+ 36.Kc2 Qc6+ 37.Qc3 Qa4+ 38.Qb3 Qc6+ 39.Qc4 Qxc4+
40.Nxc4 Nf3 41.Nxb6 Kg8 42.d4 1-0

[Event "15th EUR-ch (w)"]
[Site "Plovdiv BUL"]
[Date "2014.07.08"]
[Round "3.41"]
[White "Manakova, Maria"]
[Black "Sazonova, Anastasia"]
[Result "1/2-1/2"]
[WhiteElo "2273"]
[BlackElo "2082"]
[EventDate "2014.07.06"]
[PlyCount "93"]

1.e4 c5 2.Nf3 d6 3.d4 cxd4 4.Nxd4 Nf6 5.Nc3 Nc6 6.Bg5 e6 7.Qd3 Be7 8.O-O-O
Nxd4 9.Qxd4 O-O 10.h4 a6 11.Be2 b5 12.Bxf6 Bxf6 13.Qxd6 Qxd6 14.Rxd6 Bb7 
15.f3 Rfd8 16.Rxd8+ Rxd8 17.Bd3 Kf8 18.Ne2 Rc8 19.g3 h6 20.Rd1 Ke7 21.a3 
g5 22.h5 Rc5 23.b4 Rc8 24.Kd2 Bg7 25.Ke3 Rd8 26.Rb1 Rc8 27.Rc1 Bb2 28.Rb1 
Bg7 29.Rb3 Rc7 30.Nd4 f5 31.exf5 Bxd4+ 32.Kxd4 Bxf3 33.fxe6 Bxh5 34.c4 Be8
35.cxb5 axb5 36.Kd5 h5 37.Bf5 Rc1 38.Re3 Bc6+ 39.Ke5 Rd1 40.Bd3 Ra1 41.Bf5
Rd1 42.Bd3 Ra1 43.Be2 Re1 44.Kd4 h4 45.gxh4 gxh4 46.Bg4 Rxe3 47.Kxe3 
1/2-1/2

[Event "15th EUR-ch (w)"]
[Site "Plovdiv BUL"]
[Date "2014.07.08"]
[Round "3.42"]
[White "Ionescu, Irina"]
[Black "Amrayeva, Aytan"]
[Result "0-1"]
[WhiteElo "2253"]
[BlackElo "2065"]
[EventDate "2014.07.06"]
[PlyCount "120"]

1.e4 e6 2.Qe2 c5 3.Nf3 Nc6 4.g3 d5 5.exd5 Qxd5 6.Nc3 Qd8 7.Bg2 Nf6 8.d3 a6
9.O-O Be7 10.Re1 O-O 11.a4 b6 12.Ne5 Nd4 13.Qd1 Ra7 14.Ne4 Bb7 15.c3 Nf5 
16.Qb3 Nd6 17.Nc6 Bxc6 18.Nxf6+ Bxf6 19.Bxc6 Nf5 20.Be4 Rd7 21.Bf4 g5 22.
Bd2 Qc7 23.Rad1 Rfd8 24.Bc1 Nd6 25.Bf3 Nf5 26.Qc4 a5 27.Qg4 Ng7 28.Bxg5 
Bxg5 29.Qxg5 Rxd3 30.Rxd3 Rxd3 31.Be4 Rd7 32.Bc2 Qd8 33.Qh6 f5 34.g4 Rd6 
35.Qf4 Kh8 36.g5 Rd2 37.Bb3 Qd6 38.Qf3 Kg8 39.h4 Rxb2 40.Rd1 Rd2 41.Re1 
Rd3 42.Qa8+ Qf8 43.Qb7 Rd6 44.h5 Qd8 45.f4 Nxh5 46.Rxe6 Rxe6 47.Bxe6+ Kh8 
48.Qf3 Ng7 49.Bf7 Ne8 50.Qe2 Ng7 51.Kf2 Qc7 52.Qc4 Qd6 53.Ke1 h6 54.g6 Nh5
55.Qe2 Nxf4 56.Qe8+ Kg7 57.Qg8+ Kf6 58.Qh8+ Kg5 59.g7 Qe5+ 60.Kd1 Qe2+ 0-1

[Event "15th EUR-ch (w)"]
[Site "Plovdiv BUL"]
[Date "2014.07.08"]
[Round "3.43"]
[White "Olsarova, Tereza"]
[Black "Azimova, Karina"]
[Result "0-1"]
[WhiteElo "2251"]
[BlackElo "2033"]
[EventDate "2014.07.06"]
[PlyCount "104"]

1.e4 c5 2.Nf3 g6 3.d4 cxd4 4.Nxd4 Nf6 5.Nc3 d6 6.Be2 Bg7 7.O-O O-O 8.Be3 
Nc6 9.Nb3 a5 10.a4 Be6 11.Nd4 Bd7 12.Ndb5 Nb4 13.f4 Bc6 14.Bf3 Nd7 15.Bd4 
Bh6 16.g3 Nb6 17.Rf2 Nc4 18.Nd5 e5 19.Bc3 Bxd5 20.exd5 Ne3 21.Qd2 exf4 22.
Qd4 f6 23.Bxb4 fxg3 24.Re2 Nf5 25.Qg4 axb4 26.Be4 Qb6+ 27.Kh1 Nd4 28.Nxd4 
Qxd4 29.hxg3 Rfe8 30.Rae1 Re5 31.Qf3 f5 32.Bd3 Rae8 33.b3 b6 34.Kg2 Be3 
35.Rh1 Kg7 36.Bc4 h6 37.Rh4 Re4 38.Rh1 Rg4 39.Rhe1 Rge4 40.Bd3 R4e5 41.Bc4
R8e7 42.Rh1 g5 43.Ree1 g4 44.Qd1 Qe4+ 45.Kh2 f4 46.Qxg4+ Rg5 47.Rxe3 fxg3+
48.Rxg3 Rxg4 49.Rxg4+ Qxg4 50.Rg1 Qxg1+ 51.Kxg1 Kf6 52.Kf2 Ke5 0-1

[Event "15th EUR-ch (w)"]
[Site "Plovdiv BUL"]
[Date "2014.07.08"]
[Round "3.44"]
[White "Mirzoeva, Elmira"]
[Black "Mammadova, Narmin"]
[Result "1-0"]
[WhiteElo "2241"]
[BlackElo "2019"]
[EventDate "2014.07.06"]
[PlyCount "99"]

1.d4 Nf6 2.c4 e6 3.Nf3 c5 4.d5 b5 5.dxe6 fxe6 6.cxb5 d5 7.e3 Bd6 8.Be2 O-O
9.O-O Bb7 10.Nbd2 Qe7 11.b3 Kh8 12.Bb2 e5 13.e4 dxe4 14.Ne1 Nbd7 15.Nc2 
Nb6 16.Nc4 Rad8 17.Nxb6 Bc7 18.Qc1 axb6 19.Ne3 Nd5 20.Nxd5 Rxd5 21.Qe3 Rd4
22.Bc3 Qd8 23.a3 Rf7 24.Bc4 Rfd7 25.a4 Rd3 26.Bxd3 Rxd3 27.Qe1 Qd5 28.Rd1 
e3 29.f3 Bc8 30.Qe2 Rd4 31.Ra1 Qxb3 32.Qxe3 Rc4 33.Bd4 Qxe3+ 34.Bxe3 Rc3 
35.Rfe1 h6 36.Kf2 Rc2+ 37.Re2 Rc4 38.Raa2 Bf5 39.Red2 Rc3 40.Rdb2 Be6 41.
Ra1 Bb3 42.Bd2 Rd3 43.a5 bxa5 44.Bxa5 Bxa5 45.Rxa5 c4 46.Ra8+ Kh7 47.Rc8 
Rd5 48.b6 Rb5 49.Rxc4 Rxb6 50.Rc3 1-0

[Event "15th EUR-ch (w)"]
[Site "Plovdiv BUL"]
[Date "2014.07.08"]
[Round "3.45"]
[White "Havlikova, Kristyna"]
[Black "Avramidou, Anastasia"]
[Result "0-1"]
[WhiteElo "2229"]
[BlackElo "2007"]
[EventDate "2014.07.06"]
[PlyCount "74"]

1.e4 c5 2.Nf3 e6 3.d4 cxd4 4.Nxd4 Nf6 5.Nc3 d6 6.g4 h6 7.h3 g5 8.b3 Qa5 9.
Bd2 Qc5 10.Ndb5 a6 11.Be3 Qc6 12.Qd4 Nbd7 13.Nd5 exd5 14.exd5 Nxd5 15.Bg2 
Qxb5 16.Qxh8 Nxe3 17.fxe3 Qa5+ 18.Ke2 Ne5 19.Rhd1 Qc3 20.Rac1 Bd7 21.a4 
Bc6 22.Bd5 Bxd5 23.Rxd5 Qc6 24.c4 Qb6 25.Qf6 Qd8 26.Qf5 Qd7 27.Qe4 Qe6 28.
Rcd1 Nc6 29.Qf5 O-O-O 30.Rf1 Qxf5 31.Rdxf5 Ne5 32.Rd1 Re8 33.Rff1 Kd7 34.
Rd5 Ke6 35.Rd4 Rc8 36.Rd5 Rc6 37.Rf2 Rb6 0-1

[Event "15th EUR-ch (w)"]
[Site "Plovdiv BUL"]
[Date "2014.07.08"]
[Round "3.46"]
[White "Agrest, Inna"]
[Black "Litvinenko, Ekaterina"]
[Result "1-0"]
[WhiteElo "2223"]
[BlackElo "1978"]
[EventDate "2014.07.06"]
[PlyCount "57"]

1.e4 e5 2.Nf3 d6 3.d4 exd4 4.Nxd4 Nf6 5.Nc3 Be7 6.h3 O-O 7.Qf3 c6 8.Be3 
Re8 9.O-O-O Nbd7 10.g4 Ne5 11.Qg2 b5 12.f4 Nc4 13.Bxc4 bxc4 14.g5 Nh5 15.
Qf3 g6 16.Nxc6 Qc7 17.Nxe7+ Qxe7 18.Rd4 Bb7 19.Bf2 Rad8 20.Rxc4 Qe6 21.Rb4
Bc6 22.Re1 a5 23.Rd4 f5 24.gxf6 Nxf6 25.Bh4 Rb8 26.f5 gxf5 27.Qg3+ Kh8 28.
Rxd6 Nh5 29.Rxe6 1-0

[Event "15th EUR-ch (w)"]
[Site "Plovdiv BUL"]
[Date "2014.07.08"]
[Round "3.47"]
[White "Pavlidou, Ekaterini"]
[Black "Olea, Liliana"]
[Result "1/2-1/2"]
[WhiteElo "2209"]
[BlackElo "1951"]
[EventDate "2014.07.06"]
[PlyCount "82"]

1.d4 Nf6 2.c4 e6 3.Nf3 d5 4.g3 Be7 5.Bg2 O-O 6.O-O c5 7.cxd5 Nxd5 8.e4 Nb6
9.Nc3 Nc6 10.dxc5 Bxc5 11.e5 a6 12.Ne4 Be7 13.a3 Nc4 14.Qe2 N4xe5 15.Nxe5 
Nxe5 16.Rd1 Qb6 17.Bf4 Nc6 18.Be3 Qc7 19.Rac1 Rd8 20.Re1 Bd7 21.f4 Rac8 
22.Qf2 Qb8 23.Bb6 Rf8 24.Rcd1 Be8 25.b4 e5 26.f5 f6 27.Nc5 Nd4 28.Rxd4 
Bxc5 29.Bxc5 exd4 30.Bxf8 Kxf8 31.Qxd4 Qc7 32.h4 Qxg3 33.Qe4 Qd6 34.Qxb7 
Rd8 35.Qe4 Bb5 36.Kh1 h6 37.Qe3 Re8 38.Qf2 Rc8 39.Qe3 Re8 40.Qf2 Rc8 41.
Kg1 Rc4 1/2-1/2

[Event "15th EUR-ch (w)"]
[Site "Plovdiv BUL"]
[Date "2014.07.08"]
[Round "3.48"]
[White "Topel, Zehra"]
[Black "Brezalieva, Steliyana"]
[Result "1-0"]
[WhiteElo "2170"]
[BlackElo "1456"]
[EventDate "2014.07.06"]
[PlyCount "70"]

1.d4 Nf6 2.c4 g6 3.Nc3 Bg7 4.e4 d6 5.f3 O-O 6.Be3 c5 7.Nge2 Nc6 8.d5 Ne5 
9.Ng3 h5 10.Be2 a6 11.a4 e6 12.O-O exd5 13.cxd5 Bd7 14.Qd2 h4 15.Nh1 h3 
16.g3 b5 17.axb5 axb5 18.Rxa8 Qxa8 19.Nf2 b4 20.Ncd1 Qc8 21.g4 Qb7 22.g5 
Nh7 23.f4 Bb5 24.fxe5 Bxe2 25.Qxe2 Bxe5 26.Ng4 Bg7 27.Nf6+ Bxf6 28.gxf6 
Re8 29.Qg4 Qb8 30.Rf3 Qd8 31.Nf2 Nxf6 32.Qf4 Kg7 33.Ng4 Nh7 34.Qxf7+ Kh8 
35.Rxh3 Qd7 1-0

[Event "15th EUR-ch (w)"]
[Site "Plovdiv BUL"]
[Date "2014.07.08"]
[Round "3.49"]
[White "Kaya, Emel"]
[Black "Blagojevic, Tijana"]
[Result "1/2-1/2"]
[WhiteElo "1987"]
[BlackElo "2154"]
[EventDate "2014.07.06"]
[PlyCount "84"]

1.e4 e5 2.Nf3 Nc6 3.Bc4 Bc5 4.c3 Nf6 5.d4 exd4 6.cxd4 Bb4+ 7.Bd2 Nxe4 8.
Bxb4 Nxb4 9.Bxf7+ Kxf7 10.Qb3+ Kf8 11.Qxb4+ Qe7 12.Qxe7+ Kxe7 13.O-O Kd8 
14.Re1 Nf6 15.Ne5 Rf8 16.Nc3 d6 17.Rad1 Nh5 18.Rd2 Rb8 19.g3 g6 20.Nc4 Bd7
21.Rde2 b5 22.Ne3 b4 23.Ne4 Rb5 24.b3 a5 25.Rc1 Re8 26.f3 Bf5 27.Nf2 Bc8 
28.Nd3 Ba6 29.Kf2 Ng7 30.Rec2 Re7 31.Nf4 Bb7 32.h4 Nf5 33.Nxf5 Rxf5 34.
Rxc7 Rxf4 35.Rxb7 Rxd4 36.Rxe7 Kxe7 37.Ke3 Rd5 38.Rc7+ Kf6 39.Rxh7 Re5+ 
40.Kd3 Rd5+ 41.Ke3 Re5+ 42.Kd3 Rd5+ 1/2-1/2

[Event "15th EUR-ch (w)"]
[Site "Plovdiv BUL"]
[Date "2014.07.08"]
[Round "3.50"]
[White "Kouvatsou, Maria"]
[Black "Antova, Gabriela"]
[Result "1-0"]
[WhiteElo "2152"]
[BlackElo "1876"]
[EventDate "2014.07.06"]
[PlyCount "89"]

1.e4 c5 2.c3 g6 3.d4 cxd4 4.cxd4 d5 5.e5 Nc6 6.Nc3 Nh6 7.Bb5 Bg7 8.h3 O-O 
9.Nf3 f6 10.exf6 Rxf6 11.O-O Nf7 12.Ba4 Na5 13.Ne5 Nc4 14.Bb3 Be6 15.Ng4 
Bxg4 16.hxg4 a6 17.Qe2 Rc6 18.Rd1 Rac8 19.Bf4 e6 20.Rd3 b5 21.Rad1 Qb6 22.
Nb1 a5 23.Bxc4 Rxc4 24.Na3 R4c6 25.R3d2 b4 26.Nb5 Rc4 27.Kh2 Bf6 28.a4 
bxa3 29.Nxa3 Rxd4 30.Be3 Rxd2 31.Qxd2 Qxb2 32.Qxa5 Qe5+ 33.Kg1 Qc3 34.Qa6 
Qc6 35.Qe2 Be7 36.Nb5 Qc4 37.Qb2 e5 38.Rc1 Qxc1+ 39.Bxc1 d4 40.Bd2 Rb8 41.
Qb3 Kg7 42.Qd5 Rd8 43.Qe6 Bc5 44.Nc7 d3 45.Qc4 1-0

[Event "15th EUR-ch (w)"]
[Site "Plovdiv BUL"]
[Date "2014.07.08"]
[Round "3.51"]
[White "Krasteva, Beloslava"]
[Black "Galunova, Tsveta"]
[Result "0-1"]
[WhiteElo "1361"]
[BlackElo "2125"]
[EventDate "2014.07.06"]
[PlyCount "86"]

1.d4 Nf6 2.Nf3 d6 3.c4 g6 4.Nc3 Bf5 5.e3 Bg7 6.Bd3 Bg4 7.h3 Bxf3 8.Qxf3 c6
9.O-O O-O 10.a3 a5 11.Re1 Nbd7 12.Bd2 e5 13.d5 Qb6 14.Rab1 Nc5 15.e4 a4 
16.Be3 Nfd7 17.Bc2 Qa6 18.Qe2 Rfd8 19.Red1 Bf8 20.Rd2 Qa5 21.Rbd1 Nb6 22.
Kh1 Rdc8 23.Na2 Ncd7 24.Nb4 cxd5 25.cxd5 Nc4 26.Bb1 Nxd2 27.Qxd2 Nb6 28.
Bd3 Nc4 29.Bxc4 Rxc4 30.f3 Rac8 31.Qd3 R4c7 32.Kg1 Be7 33.g3 Bd8 34.Qe2 
Re7 35.Qf2 Qb5 36.Kg2 Ba5 37.Nd3 Rec7 38.Kh1 Rc2 39.Qg1 Qb3 40.Qf1 Bb6 41.
Bxb6 Qxb6 42.Re1 Rd2 43.h4 Rcc2 0-1

[Event "15th EUR-ch (w)"]
[Site "Plovdiv BUL"]
[Date "2014.07.08"]
[Round "3.52"]
[White "Bokuchava, Madona"]
[Black "Olsarova, Karolina"]
[Result "0-1"]
[WhiteElo "2027"]
[BlackElo "2274"]
[EventDate "2014.07.06"]
[PlyCount "92"]

1.d4 Nf6 2.Nf3 e6 3.c4 Bb4+ 4.Bd2 Qe7 5.Nc3 Bxc3 6.Bxc3 Ne4 7.Rc1 d6 8.g3 
O-O 9.Bg2 f5 10.O-O Nd7 11.b4 a5 12.b5 b6 13.Bb2 Bb7 14.e3 Rae8 15.Ba3 Qf6
16.Nd2 Qh6 17.c5 bxc5 18.dxc5 Ne5 19.c6 Ng4 20.Nf3 Bc8 21.Qe2 Ng5 22.Nh4 
e5 23.b6 f4 24.Bd5+ Kh8 25.b7 Be6 26.Bxe6 f3 27.Qc2 Qxe6 28.Rb1 Rb8 29.Rb2
Nh3+ 30.Kh1 g5 31.Qb3 Qxb3 32.axb3 gxh4 33.gxh4 Rf6 34.b4 axb4 35.Bxb4 Rg6
36.Be1 d5 37.Ra2 Rbg8 38.Rb2 Rb8 39.Ra2 Rgg8 40.Ra5 Rbd8 41.Ra3 h6 42.Rb3 
Kh7 43.Rb4 Nf6 44.Rb2 Ne4 45.Ra2 Rd6 46.Rb2 Rdg6 0-1